000 01508nam a2200325 c 4500
003 BLK
005 20240606123111.0
008 180408b bul|||||r ||||||| ||bul||
010 _aKNG00089165000
020 _a978-954-92377-1-9
_bиздат.: Стандарт нюз
040 _aBLK
041 _aBUL
_cBUL
080 _aБългарска литература
_b821.163.2
_x-31
_z821.163.2-31
080 _aЕмигранти. Прогонени. - Доброволни и принудени емигранти:бежанци, евакуирани, бегълци, дисиденти, депортирани и др
_b325.25
_x(4=867)(0:82-4)
_z325.25(4=867)(0:82-4)
100 1 _aКарбовски, Мартин
_eпърви автор
_gБогданов, Мартин Кирилов
_977006
139 _aКарбовски, Мартин
_bК 38
245 1 0 _aЧерните пътища на Европа
_bДокум. роман
_cМартин Карбовски.
257 _aBGR
260 София
_bСтандарт нюз
_c2009
_fСофия : ИПК Родина
300 _a160 с.
_c21 см
380 _aX
500 _aМартин Карбовски - псевд. на Мартин Кирилов Богданов.
653 _aдокументални романи
852 _aЦб 243806
856 4 _qpdf
_u
856 4 _qpdf
_u
942 _cKNG
_n0
_09
944 _aCR
_c24.04.2009
_lЦветомила Тодорова
_k30576
944 _aED
_c13.06.2011
_lф /
_k
999 _c84579
_d84579